Titres de TAL - Association de mots - Statistiques

Statistiques générales
  • Ce quiz a été pris 100 fois
  • Le résultat moyen est 12 sur 15
Statistiques - réponses
Hint Réponse % Correct
Le sens de... la vie
99%
On... avance
98%
M'en... aller
96%
Je prends... le large
96%
Tombé du... ciel
94%
A... l'international
94%
Carpe... diem
91%
Le droit de... rêver
90%
Sans un... regard
89%
...et des flammes des fleurs
83%
Juste... un rêve
78%
Beauté... particulière
77%
Are we... awake
67%
Man in the... mirror
66%
... crazy
30%
Aucun quiz correspondant
Distribution des résultats
% des personnes avec chaque résultat
Percentile par nombre de réponses
Votre historique - résultats
Vous n’avez pas pris ce quiz